Statistics for Three words, one country #5

Click here to take the quiz!

General Stats

  • This quiz has been taken 366 times
  • The average score is 8 of 16

Answer Stats

Hint Answer % Correct
Ho, Chi, MinhVietnam
88%
Pyrenees, Monarchy, CatalanAndorra
83%
Bengal, Jatiyo, SangshadBangladesh
69%
Belmopan, Maya, CaribbeanBelize
68%
Benghazi, Oil, BerbersLibya
59%
Balkan, Adriatic, TuzlaBosnia
54%
Doubly, Landlocked, MicrostateLiechtenstein
50%
Andes, Orinoco, DeltaVenezuela
47%
Funafuti, Polynesia, NuiTuvalu
46%
Windward, Island, CastriesSaint Lucia
42%
Asmara, IGDAD, TigrinyaEritrea
40%
Smallest, Maghreb, CountryTunisia
36%
Sultanate, Madha, MusandamOman
34%
Bainimarama, Melanasia, CommonwealthFiji
34%
Carpathian, Basin, DebrecenHungary
34%
Kangchenjunga, Terai, PatanNepal
33%

Score Distribution

Percentile by Number Answered

Percent of People with Each Score

Your Score History

You have not taken this quiz